000 00848 a2200181 4500
003 Nust
005 20230131130219.0
040 _cNust
082 _a808.83,PAR
100 _aC.Northcote Parkinson
_9108223
245 _aThe law and the profits /
_cC.Northcote Parkinson
260 _aPenguin
_bLondon
_c1960
300 _a172 p
_billus
_c18 cm
505 _aParking Second Law (Page-11), Ancient and Modern (Page-24), The Tax on Income (Page-35), The Turning Point (Page-45), Recent History (Page-58), The Limits of Taxation (Page-69), The Avoidance of Tax (Page-80), Wasteful War (Page-94), The British Waste Line (Page-111), Waste Measurements (Page-128), The American Bust (Page-145), Profits Without Honour (Page-155).
600 _aC.Northcote Parkinson
_9108223
650 _aThe law and the profits
_9108224
942 _2ddc
_cBK
_k808.83,PAR
999 _c185919
_d185919